<?xml version='1.0' encoding='UTF-8'?><?xml-stylesheet href='static/style.xsl' type='text/xsl'?><OAI-PMH xmlns="http://www.openarchives.org/OAI/2.0/" xmlns:xsi="http://www.w3.org/2001/XMLSchema-instance" xsi:schemaLocation="http://www.openarchives.org/OAI/2.0/ http://www.openarchives.org/OAI/2.0/OAI-PMH.xsd"><responseDate>2026-04-18T19:49:39Z</responseDate><request verb="GetRecord" identifier="oai:ebiltegia.mondragon.edu:20.500.11984/4796" metadataPrefix="marc">https://ebiltegia.mondragon.edu/oai/request</request><GetRecord><record><header><identifier>oai:ebiltegia.mondragon.edu:20.500.11984/4796</identifier><datestamp>2024-01-04T21:57:01Z</datestamp><setSpec>com_20.500.11984_1736</setSpec><setSpec>com_20.500.11984_1627</setSpec><setSpec>col_20.500.11984_1972</setSpec></header><metadata><record xmlns="http://www.loc.gov/MARC21/slim" xmlns:dcterms="http://purl.org/dc/terms/" xmlns:xsi="http://www.w3.org/2001/XMLSchema-instance" xmlns:doc="http://www.lyncode.com/xoai" xsi:schemaLocation="http://www.loc.gov/MARC21/slim http://www.loc.gov/standards/marcxml/schema/MARC21slim.xsd">
   <leader>00925njm 22002777a 4500</leader>
   <datafield ind2=" " ind1=" " tag="042">
      <subfield code="a">dc</subfield>
   </datafield>
   <datafield ind2=" " ind1=" " tag="720">
      <subfield code="a">Mondragon Unibertsitatea</subfield>
      <subfield code="e">author</subfield>
   </datafield>
   <datafield ind2=" " ind1=" " tag="260">
      <subfield code="c">2016-10-18</subfield>
   </datafield>
   <datafield ind2=" " ind1=" " tag="520">
      <subfield code="a">Humanitate eta Hezkuntza Zientzien Fakulteak 40 urte beteko ditu aurten, eta gaur eman diote hasiera urteurreneko ospakizuenei "40 urtean euskal gizartean eragiten" liburu eta dokumentalaren aurkezpenarekin. Eskoriatzako campusean egindako prentsaurrekoan, parte hartu dute, alde batetik, Iñigo Ramirez de Okariz irakaslea eta liburuaren idazleak, Iñaki de Bilbao dokumentala egin duten ikasleetariko batek, eta, bestetik, Bixente Atxa MONDRAGON UNIBERTSITATEko errrektoreak eta Begoña Pedrosa Humanitate eta Hezkuntza Zientzien Fakulteko dekanoak.</subfield>
   </datafield>
   <datafield ind2=" " ind1=" " tag="520">
      <subfield code="a">Con la presentación del libro y del documental "40 urtean euskal gizartean eragiten", comienzan los actos del 40º aniversario de la Facultad de Humanidades y Ciencias de la Educación. En la rueda de prensa celebrada, hoy día 18, han participado el autor del libro, el profesor Iñigo Ramirez de Okariz; los estudiantes de grado de Audiovisuales realizadores del documental, Iñaki de Bilbao y Adrian Alonso, junto con el rector de MONDRAGON UNIBERTSITATEA, Bixente Atxa y la decana de la facultad, Begoña Pedrosa.</subfield>
   </datafield>
   <datafield ind2=" " ind1=" " tag="520">
      <subfield code="a">The Faculty of Humanities and Education will celebrate its 40th anniversary this year, and today the celebrations opened with the presentation of the book and documentary entitled 40 Years Influencing Basque Society. Professor and writer of the book Iñigo Ramirez de Okariz and one of the students who worked on the documentary Iñaki de Bilbao took part in the press conference on the Eskoriatza campus, as did MONDRAGON UNIVERSITY Rector Bixente Atxa and Dean of the Faculty of Humanties and Education Begoña Pedrosa. The book and documentary cover the 40-year history of the Faculty. Both works have been made available to the public:</subfield>
   </datafield>
   <datafield ind1="8" ind2=" " tag="024">
      <subfield code="a">https://www.flickr.com/photos/huhezi/29981877060/in/dateposted-public/</subfield>
   </datafield>
   <datafield ind1="8" ind2=" " tag="024">
      <subfield code="a">http://embedr.flickr.com/assets/client-code.js</subfield>
   </datafield>
   <datafield ind1="8" ind2=" " tag="024">
      <subfield code="a">https://c5.staticflickr.com/9/8637/29981877060_7a93d08f42_m.jpg</subfield>
   </datafield>
   <datafield ind1="8" ind2=" " tag="024">
      <subfield code="a">https://www.flickr.com/photos/huhezi/albums/72157673778793132</subfield>
   </datafield>
   <datafield ind1="8" ind2=" " tag="024">
      <subfield code="a">https://hdl.handle.net/20.500.11984/4796</subfield>
   </datafield>
   <datafield tag="653" ind2=" " ind1=" ">
      <subfield code="a">Humanitate eta Hezkuntza Zientzien Fakultatea</subfield>
   </datafield>
   <datafield ind2="0" ind1="0" tag="245">
      <subfield code="a">"40 urtean euskal gizartean eragiten" liburu eta dokumentalaren aurkezpenarekin ekin diote Humanitate eta Hezkuntza Zientzien Fakultatearen 40. urteurrenaren ospakizunei</subfield>
   </datafield>
   <datafield ind2="0" ind1="0" tag="245">
      <subfield code="a">Con la presentación del libro y del documental "40 urtean euskal gizartean eragiten", comienzan los actos del 40º aniverario de la Facultad de Humanidades y Ciencias de la Edcuación</subfield>
   </datafield>
   <datafield ind2="0" ind1="0" tag="245">
      <subfield code="a">The celebrations surrounding the 40th anniversary of the Faculty of Humanities and Education opened with the presentation of the book and documentary entitled "40 Years Influencing Basque Society"</subfield>
   </datafield>
</record></metadata></record></GetRecord></OAI-PMH>